00566 a2200181 4500010001400000020002300014035001300037037001800050082001600068100001800084245007900102260004900181270008400230300002400314500002000338700002000358710000600378 aENG-85136 a8170249015c600.00 aEN-68669 bD.B.Act / Pub14a025.02028541 aKochar, R. S.1 aLibrary automationcby R. S.Kochar and K. N. Sudarshanbissues and systems aNew DelhibAPH Publishing Corporatioonc2007 a5, Ansari Road, Darya GanjbNew Delhie110 002maphbooks@vsnl.netk011 23274050 a368 p.b22cm. (Hb) aIncludes index aSudarshan, K.N. a.